| 000 | 00781naa a22002537u 4500 | ||
|---|---|---|---|
| 001 | 07080 | ||
| 003 | HDC | ||
| 007 | cr bn ---aaaaa | ||
| 008 | 210126s2009 flu b eng d | ||
| 040 | _aHDC | ||
| 245 | 0 |
_aOLIVE OIL: Minor Constituents and Health : _bGlossary |
|
| 260 |
_aBoca Raton : _bCRC Press, _c2009 |
||
| 300 | _a2 pages | ||
| 336 |
_atext _2rdacontent |
||
| 337 |
_acomputer _2rdamedia |
||
| 338 |
_aonline resource _2rdacarrier |
||
| 500 | _aOriginal from book | ||
| 650 |
_aHealth _94234 |
||
| 650 |
_aOlive oil _97560 |
||
| 856 | _zRequest full-text at [email protected] | ||
| 942 | _2lcc | ||
| 942 | _cCHAP | ||
| 942 | _kEBCH 000475 | ||
| 999 |
_c4404 _d4404 |
||